| 000 -LEADER |
| fixed length control field |
00655nam a2200241Ia 4500 |
| 001 - CONTROL NUMBER |
| control field |
21450 |
| 003 - CONTROL NUMBER IDENTIFIER |
| control field |
GE_BSU |
| 005 - DATE AND TIME OF LATEST TRANSACTION |
| control field |
20221111162240.0 |
| 008 - FIXED-LENGTH DATA ELEMENTS--GENERAL INFORMATION |
| fixed length control field |
181216s2014||||enk|||||||||||||| ||eng|| |
| 020 ## - INTERNATIONAL STANDARD BOOK NUMBER |
| International Standard Book Number |
3878601271x |
| 040 ## - CATALOGING SOURCE |
| Transcribing agency |
GE_BSU |
| 041 ## - LANGUAGE CODE |
| Language code of text/sound track or separate title |
eng |
| 080 ## - UNIVERSAL DECIMAL CLASSIFICATION NUMBER |
| Universal Decimal Classification number |
2-1 A-12 |
| 100 ## - MAIN ENTRY--PERSONAL NAME |
| Personal name |
Abd-Ru-Shin |
| 9 (RLIN) |
12901 |
| 245 ## - TITLE STATEMENT |
| Title |
In the Light of Truth : |
| Remainder of title |
the Grail Message / |
| Statement of responsibility, etc. |
Abd-Ru-Shin. |
| 264 ## - PRODUCTION, PUBLICATION, DISTRIBUTION, MANUFACTURE, AND COPYRIGHT NOTICE |
| Place of production, publication, distribution, manufacture |
Stuttgart : |
| Name of producer, publisher, distributor, manufacturer |
Stiftung Gralsbotschaft Publishing Co, |
| Date of production, publication, distribution, manufacture, or copyright notice |
2014. |
| 300 ## - PHYSICAL DESCRIPTION |
| Extent |
1061 p. ; |
| Dimensions |
22 cm. |
| 653 ## - INDEX TERM--UNCONTROLLED |
| keyword |
In the Light of Truth |
| 653 ## - INDEX TERM--UNCONTROLLED |
| keyword |
the Grail Message |
| 653 ## - INDEX TERM--UNCONTROLLED |
| keyword |
Религия |
| 653 ## - INDEX TERM--UNCONTROLLED |
| keyword |
რელიგია |
| 942 ## - ADDED ENTRY ELEMENTS (KOHA) |
| Koha item type |
წიგნი |
| Source of classification or shelving scheme |
|